| 000 | 00377nam a2200157Ia 4500 | ||
|---|---|---|---|
| 999 |
_c21985 _d21985 |
||
| 082 | _a519.52 KIS-; | ||
| 100 | _aKish, Leslie | ||
| 245 | 0 | _aSurvey sampling | |
| 250 | _a2nd | ||
| 260 |
_aNew York _bJohn Wiley _c1965 |
||
| 300 | _axvi, 643p. | ||
| 504 | _aIncludes index | ||
| 650 | _aSampling (Statistics) - Methodology | ||
| 650 | _aMathematical statistics | ||
| 942 | _cBK | ||